000 00587nam a2200181 i 4500
001 27060
003 ES-MaACL
005 20230906153543.0
007 t|
008 030113s1946 sp ||||1| spa d
110 1 _aMadrid.
_bAyuntamiento
_9234069
245 1 0 _aCatálogo de la Biblioteca Musical /
_cAyuntamiento de Madrid.
260 _aMadrid :
_bSección de Cultura e Información,
_c1946 (
_fArtes Gráficas Municipales)
300 _aXV, 610 p., 7 lám :
_bil. ;
_c23 cm.
710 2 _aBiblioteca Musical.
_92183
852 _aES-MaACL
_jE-1742
_bR.22458
999 _c27060
_d27060